Physics: Its Laws, Ideas, and Methods
Сохранить в:
| Главный автор: | |
|---|---|
| Формат: | |
| Язык: | английский |
| Опубликовано: |
Nueva York
McGraw-Hill Book Company
1950
|
| Предметы: | |
| Метки: |
Добавить метку
Нет меток, Требуется 1-ая метка записи!
|
MARC
| LEADER | 00000nam a2200000 a 4500 | ||
|---|---|---|---|
| 001 | UCH1847 | ||
| 003 | CL-VaPUC | ||
| 008 | 090514e19500000US |||||||||||||||||eng|d | ||
| 082 | 0 | 4 | |a 530.1 |b KOL |2 21 |
| 100 | 0 | |a Kolin, Alexander |e author |9 536405 | |
| 245 | 1 | 0 | |a Physics: Its Laws, Ideas, and Methods |
| 300 | |a 890 p | ||
| 942 | |c BK | ||
| 945 | |d 20090514 00:00:00 |a dcastane | ||
| 260 | |a Nueva York |b McGraw-Hill Book Company |c 1950 | ||
| 650 | 7 | |a FISICA-MATEMATICAS |2 CL-VaPUC |9 499497 | |
| 650 | 0 | |a Física teórica |9 345827 | |
| 650 | 0 | |a Mecánica de fluidos |9 259464 | |
| 650 | 0 | |a Calor |9 260253 | |
| 650 | 7 | |a FORMAS DE ENERGIA |2 CL-VaPUC |9 536406 | |
| 583 | |a last modification |c 20090514 00:00:00 |k Rodrigo Vera | ||
| 999 | |c 333744 |d 333742 | ||